000 00735nam a2200241Ia 4500
003 OSt
005 20220927105720.0
006 a|||||r|||| 00| 0
007 ta
008 220926b |||||||| |||| 00| 0 eng d
024 _a201302
037 _cReference Collections
040 _aRTL
_cRTL
_beng
041 _2eng
_aeng
082 _a"X:57:(z).2k, M8/RR"
100 _aKRISHNAMURTHI S.
_9374362
245 0 _aGuide to Foreign Exchange Regulation
260 _a"Nagpur,"
_b"Wadhwa and company Law Publishers, India "
_c1988
300 _a452p.
_ccm.
500 _aBibliography: P 401-07; Glossary: P 391-400
942 _h"X:57:(z).2k, M8/RR"
_cCC
999 _c694075
_d694075